| 000 | 00000nam##2200000za#4500 |
| 001 | 9.601079 |
| 003 | CaOODSP |
| 005 | 20210624205909 |
| 007 | cr ||||||||||| |
| 008 | 150406|1994||||xxc|||||o f|0| 0 fre|d |
| 040 | |aCaOODSP|bfre |
| 043 | |an-cn--- |
| 086 | 1 |aNM95-57/17-2-1994F-PDF |
| 110 | 1 |aCanada.|bPatrimoine canadien. |bInstitut canadien de conservation. |
| 245 | 10|aTest ponctuel à la diphénylamine pour déceler la présence de nitrate de cellulose dans les objets de musée / |h[ressource électronique]|c[par R. Scott Williams]. |
| 260 | |aOttawa - Ontario : |bPatrimoine canadien. |cc1994. |
| 300 | |a2p.|bréférences |
| 490 | 1 |aNotes de l'ICC|v17/2 |
| 500 | |aLe nº de catalogue (NM95-57/17-2-1898F) et l'ISSN (1191-7237) copiés dans cette édition électronique sont incorrects. |
| 590 | |a11-22-Supp|b2011-10-13 |
| 720 | 1 |aWilliams, R. Scott |
| 775 | 08|tThe diphenylamine spot test for cellulose nitrate in museum objects / |w(CaOODSP)9.570334 |
| 776 | 0#|tTest ponctuel à la diphénylamine pour déceler la présence de nitrate de cellulose dans les objets de musée |w(CaOODSP)9.622660 |
| 830 | #0|aNotes de l'ICC ;|v17/2|w(CaOODSP)9.502751 |
| 856 | 40|ahttp://publications.gc.ca|qPDF|s779 Ko|uhttps://publications.gc.ca/collections/collection_2011/pc-ch/NM95-57-17-2-1994-fra.pdf|y17/2 |